000 00502nam a2200181Ia 4500
003 LK-CoDNM
005 20240123140530.0
008 010623t1927 xxu||||| |||| 00| 1 sin d
040 _aLK-CoDNM
_dLK-CoDNM
_eLK-CoDNM
041 _asin
080 _a104
_bM 5
100 _aPerera,Tiador.G
245 _aස්වභාවික භූගෝල ශාස්ත්‍රය
246 _aSwabavika Boogola Shaastraya
260 _bLankatilaka
_aGampaha
_c1927
300 _b138p, 21 cm
942 _cBK
999 _c94252
_d94252